000 00657nam a2200277Ia 4500
008 210210b2007 xxu||||| |||| 00| 0 eng d
041 _aeng
082 _a657.46 RAMB
100 _aRAMAN (B S)
245 _aBusiness taxation II
_bFor II BCom (IV semester) of mangalore university
260 _aMangalore
_bUnited Publishers
_c2007
300 _a268
650 _auniversity
650 _ataxation
650 _asemester)
650 _asecond
650 _aof
650 _amangalore
650 _aII
650 _aFor
650 _aBusiness
650 _aBCom
650 _a(fourth
690 _aBusiness Taxation
906 _a062396
999 _c117431
_d117431